000
00361nam a2200169Ia 4500
100
_a
Nadeau/ Thomas D/ Gray/Ken
650
_a
SDN
942
_c
BK
366
_f
20
654
_a
SDN software defined networks
245
_a
SDN Software Defined networks
260
_b
Oreilly
_c
2013
082
_b
NAD
300
_a
352
546
_a
ENGLISH
999
_c
31742
_d
31742